[Event "Victoria de Giron Cup tt"]
[Site "Matanzas"]
[Date "2018.10.04"]
[Round "6.2"]
[White "Gil Hernandez, Sebastian"]
[Black "Garcia Fuentes, Rachel"]
[Result "0-1"]
[WhiteElo "1647"]
[BlackElo "1486"]
[PlyCount "96"]
[EventDate "2018.10.02"]
[EventType "team-tourn"]
[EventRounds "9"]
[EventCountry "CUB"]
[SourceTitle "EXT 2021"]
[Source "ChessBase"]
[SourceDate "2020.10.23"]
[SourceVersion "1"]
[SourceVersionDate "2020.10.23"]
[SourceQuality "1"]

1. e4 d6 2. d4 Nf6 3. Nc3 g6 4. Nf3 Bg7 5. h3 c5 6. dxc5 Qa5 7. Bb5+ Bd7 8. Bxd7+ Nbxd7 9. 0-0 Nxc5 10. Bd2 Qd8 11. Re1 0-0 12. Qe2 Ncd7 13. Rad1 Qc7 14. e5 dxe5 15. Nxe5 Nxe5 16. Qxe5 Qxe5 17. Rxe5 e6 18. Re2 Rfd8 19. Ree1 Nd5 20. Nxd5 Rxd5 21. c4 Rd3 22. Bc1 Rad8 23. Rxd3 Rxd3 24. Kf1 Kf8 25. Ke2 Rd7 26. Rd1 Rxd1 27. Kxd1 Ke7 28. b3 a6 29. a4 Bd4 30. Ke2 h5 31. Be3 Bxe3 32. Kxe3 Kd6 33. Kd4 e5+ 34. Kc3 a5 35. b4 axb4+ 36. Kxb4 Ke6 37. c5 f5 38. Kc4 g5 39. h4 g4 40. g3 f4 41. Kd3 Kd5 42. gxf4 exf4 43. Ke2 Kxc5 44. Kd3 Kb4 45. Ke4 g3 46. fxg3 fxg3 47. Kf3 g2 48. Kxg2 Kxa4 0-1

[Event "Capablanca Memorial U15 2nd"]
[Site "Havana"]
[Date "2018.05.17"]
[Round "5"]
[White "Gil Hernandez, Sebastian"]
[Black "Vieites Santana, Daniela Ines"]
[Result "0-1"]
[WhiteElo "1601"]
[BlackElo "1932"]
[PlyCount "68"]
[EventDate "2018.05.14"]
[EventType "swiss"]
[EventRounds "7"]
[EventCountry "CUB"]
[SourceTitle "EXT 2021"]
[Source "ChessBase"]
[SourceDate "2020.10.23"]
[SourceVersion "1"]
[SourceVersionDate "2020.10.23"]
[SourceQuality "1"]

1. e4 e5 2. Bc4 Nf6 3. d3 Nc6 4. c3 Be7 5. Bb3 0-0 6. Nd2 d5 7. Ngf3 dxe4 8. dxe4 Bg4 9. h3 Bh5 10. g4 Bg6 11. Qe2 Bc5 12. Bc2 Qe7 13. Nf1 Rad8 14. Ng3 Rfe8 15. Nf5 Bxf5 16. gxf5 Rd6 17. b4 Bb6 18. a4 a6 19. Ba3 Qd8 20. b5 Ba5 21. Bxd6 Bxc3+ 22. Kf1 Bxa1 23. bxc6 Qxd6 24. cxb7 Qc6 25. Kg2 Nh5 26. Kh2 Nf4 27. Qd1 Qh6 28. h4 Bd4 29. Rf1 Rb8 30. Bd3 Rxb7 31. Bxa6 Qxa6 32. Nxd4 exd4 33. Qxd4 Rb8 34. Rg1 Qh6 0-1

[Event "Capablanca Memorial U15 2nd"]
[Site "Havana"]
[Date "2018.05.14"]
[Round "2"]
[White "Cepero Lopez, Amy Ashley"]
[Black "Gil Hernandez, Sebastian"]
[Result "1-0"]
[WhiteElo "1947"]
[BlackElo "1601"]
[PlyCount "77"]
[EventDate "2018.05.14"]
[EventType "swiss"]
[EventRounds "7"]
[EventCountry "CUB"]
[SourceTitle "EXT 2021"]
[Source "ChessBase"]
[SourceDate "2020.10.23"]
[SourceVersion "1"]
[SourceVersionDate "2020.10.23"]
[SourceQuality "1"]

1. e4 c5 2. Nf3 d6 3. d4 cxd4 4. Nxd4 Nf6 5. Nc3 Nc6 6. Be3 e5 7. Nb3 Be6 8. f3 Be7 9. Qd2 a6 10. 0-0-0 Qc7 11. Qf2 b5 12. Kb1 0-0 13. g4 Rfc8 14. h4 h5 15. gxh5 Nxh5 16. Rg1 g6 17. Qh2 Qd8 18. Rh1 Qc7 19. Bh3 Rcb8 20. Rdg1 Bxh3 21. Qxh3 Qc8 22. Qh2 Bd8 23. Nd5 Ne7 24. Nxe7+ Bxe7 25. Rg2 Qc7 26. Rhg1 Kg7 27. Bc1 Rc8 28. Rf2 a5 29. f4 b4 30. f5 a4 31. Na1 b3 32. a3 Kh7 33. fxg6+ fxg6 34. Rf7+ Kh8 35. Rxg6 Nf6 36. Bg5 Nxe4 37. Rxe7 bxc2+ 38. Nxc2 Nc3+ 39. Ka1 1-0